书目信息 |
| 题名: |
国外高等教育学基本文献讲读
|
|
| 作者: | 陈洪捷 , 施晓光 , 蒋凯 主编 | |
| 分册: | ||
| 出版信息: | 北京 北京大学出版社 2014.02 |
|
| 页数: | 389页 | |
| 开本: | 26cm | |
| 丛书名: | ||
| 单 册: | ||
| 中图分类: | G510 | |
| 科图分类: | ||
| 主题词: | 教育事业--世界 | |
| 电子资源: | ||
| ISBN: | 978-7-301-23789-2 | |
| 000 | 00720nam0 2200217 450 | |
| 001 | 2043052165 | |
| 005 | 20201214115902.94 | |
| 010 | @a978-7-301-23789-2@dCNY49.00 | |
| 100 | @a20201214d2014 km y0chiy0120 ea | |
| 101 | 0 | @achi |
| 102 | @aCN@b110000 | |
| 200 | 1 | @a国外高等教育学基本文献讲读@Aguo wai gao deng jiao yu xue ji ben wen xian jiang du@f陈洪捷, 施晓光, 蒋凯主编@Fchen hong jie,shi xiao guang,jiang kai zhu bian |
| 210 | @a北京@c北京大学出版社@d2014.02 | |
| 215 | @a389页@d26cm | |
| 606 | 0 | @a教育事业@x世界 |
| 690 | @aG510@v4 | |
| 701 | 0 | @a陈洪捷@Achen hong jie@4主编 |
| 701 | 0 | @a施晓光@Ashi xiao guang@4主编 |
| 701 | 0 | @a蒋凯@Ajiang kai@4主编 |
| 801 | 0 | @aCN@bMUSE@c20201214 |
| 905 | @aMUSE@dG510@eC442 | |
| 国外高等教育学基本文献讲读/陈洪捷, 施晓光, 蒋凯主编.-北京:北京大学出版社,2014.02 |
| 389页;26cm |
| ISBN 978-7-301-23789-2:CNY49.00 |
| ● |
| 相关链接 |
|
|
|
正题名:国外高等教育学基本文献讲读
索取号:G510/C442
 
预约/预借
| 序号 | 登录号 | 条形码 | 馆藏地/架位号 | 状态 | 备注 |
| 1 | 1304118 | 213041180 | 合作和发展规划处/ [索取号:G510/C442] | 在馆 | |
| 2 | 1304119 | 213041199 | 合作和发展规划处/ [索取号:G510/C442] | 在馆 |